• 首页
  • 本馆介绍
  • 公告通知
  • 最新文献
  • 馆藏检索
  • 电子资源
  • 读者导购
  • 参考咨询
  • 我的图书馆
  • 登录
  • 详细信息显示
  • 放入我的书架
  • 预约/预借图书
  • 作者相关作品
  • 分类相关作品
  • 丛书相关作品
  • 出版社相关作品

书目信息

  • 表格格式
  • 工作单格式
  • 卡片格式
题名:
名老中医杨淑婷临床经验集萃
    
 
作者: 杨淑婷 , 郭建平 , 马德年 主编
分册:  
出版信息: 长春   吉林科学技术出版社  2019.05
页数: 286页
开本: 24cm
丛书名:
单 册:
中图分类: R249.76
科图分类:
主题词: 中医临床--zhong yi lin chuang--经验--中国--现代
电子资源:
ISBN: 978-7-5578-3984-0
000 01037nam0 2200265 450
001 CAL 0120192782880
005 20230217093111.0
010    @a978-7-5578-3984-0@dCNY98.00
100    @a20190617d2019 em y0chiy0120 ea
101 0  @achi
102    @aCN@b220000
105    @ay a 000yy
106    @ar
200 1  @a名老中医杨淑婷临床经验集萃@Aming lao zhong yi yang shu ting lin chuang jing yan ji cui@f杨淑婷, 郭建平, 马德年主编
210    @a长春@c吉林科学技术出版社@d2019.05
215    @a286页@d24cm
320    @a有书目 (第286页)
330    @a本书以疾病结合临床案例, 把作者多年来在临床上遇到的经典案例做了详细的解读。本书按照疾病分为9章, 共解读了26种疾病的临床表现、诊断以及用药。并对一些特色疾病及疑难杂症的治疗单独列出一章做了具体详尽的阐述。
606 0  @a中医临床@Azhong yi lin chuang@x经验@y中国@z现代
690    @aR249.76@v5
701  0 @a杨淑婷@Ayang shu ting@4主编
701  0 @a郭建平@Aguo jian ping@4主编
701  0 @a马德年@Ama de nian@4主编
801  0 @aCN@bBJXHZP@c20230228
905    @b1395720-3@dR249.76@e622@f4
    
    名老中医杨淑婷临床经验集萃/杨淑婷, 郭建平, 马德年主编.-长春:吉林科学技术出版社,2019.05
    286页;24cm
    
    
    ISBN 978-7-5578-3984-0:CNY98.00
    本书以疾病结合临床案例, 把作者多年来在临床上遇到的经典案例做了详细的解读。本书按照疾病分为9章, 共解读了26种疾病的临床表现、诊断以及用药。并对一些特色疾病及疑难杂症的治疗单独列出一章做了具体详尽的阐述。
●
相关链接 在E读中查询图书 在五车中查询图书 在当当中查询图书 在豆瓣中查询图书


正题名:名老中医杨淑婷临床经验集萃     索取号:R249.76/622         预约/预借

序号 登录号 条形码 馆藏地/架位号 状态 备注
1 1395720   213957208   第二样本阅览室/ [索取号:R249.76/622] 在馆    
2 1395721   213957217   第三借阅区/ [索取号:R249.76/622] 在馆    
3 1395722   213957226   第三借阅区/ [索取号:R249.76/622] 在馆    
4 1395723   213957235   第三借阅区/ [索取号:R249.76/622] 在馆    
唐山师范学院图书馆 欢迎您!
大连网信软件有限公司© 版权所有